[Event "Ct. Catalunya eq DH"]
[Site "?"]
[Date "2013.04.13"]
[Round "11.7"]
[White "Draghici Flutor, G."]
[Black "Tallo Dominguez, I."]
[Result "0-1"]
[WhiteElo "2207"]
[BlackElo "2329"]
[PlyCount "38"]
[EventDate "2013.??.??"]
[EventType "tourn"]
[EventRounds "11"]

1. e4 c5 2. Nf3 d6 3. d4 cxd4 4. Nxd4 Nf6 5. Nc3 a6 6. h3 e6 7. g4 d5 8. e5
Nfd7 9. Qe2 Nc6 10. Nxc6 bxc6 11. Bg2 a5 12. Bf4 Ba6 13. Qd2 Nb6 14. Bf1 Bxf1
15. Kxf1 Nc4 16. Qc1 Qb8 17. b3 Nxe5 18. Kg2 Bd6 19. Re1 O-O 0-1

[Event "Ct. Catalunya eq DH"]
[Site "?"]
[Date "2013.04.13"]
[Round "11.7"]
[White "Llaneza Vega, P."]
[Black "Fernandez Lopez, J."]
[Result "1/2-1/2"]
[WhiteElo "2241"]
[BlackElo "2115"]
[PlyCount "45"]
[EventDate "2013.??.??"]
[EventType "tourn"]
[EventRounds "11"]

1. e4 c5 2. Nf3 Nc6 3. d4 cxd4 4. Nxd4 g6 5. Nc3 Bg7 6. Be3 Nf6 7. Bc4 O-O 8.
Bb3 d6 9. f3 Bd7 10. Qd2 Nxd4 11. Bxd4 b5 12. h4 a5 13. a4 b4 14. Nd5 Be6 15.
h5 Rc8 16. hxg6 hxg6 17. Qg5 Bxd5 18. Bxd5 e5 19. Qxg6 exd4 20. Rh3 Rxc2 21.
Rg3 Ne8 22. Rh3 Nf6 23. Rg3 1/2-1/2

[Event "Ct. Catalunya eq DH"]
[Site "?"]
[Date "2013.04.13"]
[Round "11.7"]
[White "Manera Lopez, J."]
[Black "Fernandez Cazorla, A."]
[Result "0-1"]
[WhiteElo "2280"]
[BlackElo "2303"]
[PlyCount "59"]
[EventDate "2013.??.??"]
[EventType "tourn"]
[EventRounds "11"]

1. d4 d5 2. Nf3 Nf6 3. e3 a6 4. c4 dxc4 5. Bxc4 b5 6. Be2 Bb7 7. O-O e6 8. a4
b4 9. Nbd2 Nbd7 10. Nb3 Be7 11. Na5 Bd5 12. Bc4 Bxc4 13. Nxc4 c5 14. Nfe5 Rc8
15. Qe2 O-O 16. Rd1 Qc7 17. Nxd7 Nxd7 18. b3 cxd4 19. exd4 Bf6 20. Bb2 Nb6 21.
Rac1 Nd5 22. g3 Rfd8 23. a5 Qa7 24. Qe1 g6 25. Ne3 Rxc1 26. Rxc1 Bxd4 27. Bxd4
Qxd4 28. Rc4 Qe5 29. Qd2 Qa1+ 30. Kg2 0-1

[Event "Ct. Catalunya eq DH"]
[Site "?"]
[Date "2013.04.13"]
[Round "11.7"]
[White "Pardo Simon, D."]
[Black "Camacho Collados, J."]
[Result "1/2-1/2"]
[WhiteElo "2418"]
[BlackElo "2345"]
[PlyCount "98"]
[EventDate "2013.??.??"]
[EventType "tourn"]
[EventRounds "11"]

1. Nf3 Nf6 2. c4 g6 3. g3 Bg7 4. Bg2 O-O 5. Nc3 c5 6. O-O d5 7. cxd5 Nxd5 8.
Qb3 Nb6 9. d3 Nc6 10. Bd2 Bg4 11. Be3 Nd4 12. Bxd4 cxd4 13. Na4 Nxa4 14. Qxa4
Qb6 15. h3 Bxf3 16. Bxf3 Rac8 17. Qb3 Rc7 18. Qxb6 axb6 19. Rfc1 Rfc8 20. Rxc7
Rxc7 21. Kf1 Bh6 22. a4 Bc1 23. Rb1 Bd2 24. Bd5 e6 25. Bc4 Rc5 26. Rd1 Bb4 27.
Rc1 Kf8 28. Kg2 Ke7 29. f4 g5 30. Rf1 Rf5 31. fxg5 Rxg5 32. Rf3 Bd2 33. Rf2 h5
34. h4 Rg4 35. Bb3 f5 36. Kh3 Kf6 37. Rf1 f4 38. Rf3 e5 39. Bd5 Be1 40. gxf4
exf4 41. Rf1 Rxh4+ 42. Kg2 Rg4+ 43. Kf3 Bd2 44. Rh1 Rg5 45. Ke4 Be3 46. Bxb7
Re5+ 47. Kf3 Rg5 48. Ke4 Re5+ 49. Kf3 Rg5 1/2-1/2

[Event "Ct. Catalunya eq DH"]
[Site "?"]
[Date "2013.04.13"]
[Round "11.8"]
[White "Anguera Maestro, J."]
[Black "Ortiz Lafont, J."]
[Result "1-0"]
[WhiteElo "2247"]
[BlackElo "2285"]
[PlyCount "79"]
[EventDate "2013.??.??"]
[EventType "tourn"]
[EventRounds "11"]

1. d4 d5 2. Nf3 Nf6 3. e3 c5 4. Bd3 Nc6 5. c3 cxd4 6. exd4 Bg4 7. Bf4 Bxf3 8.
Qxf3 e6 9. O-O Bd6 10. Re1 Bxf4 11. Qxf4 O-O 12. Nd2 Rb8 13. Re3 g6 14. Rh3 h5
15. Nf3 Ng4 16. Rg3 Kg7 17. h3 Qf6 18. Qd2 Nh6 19. Re1 Rbe8 20. Ne5 Nxe5 21.
dxe5 Qh4 22. Qc2 Nf5 23. Bxf5 exf5 24. Qxf5 Re6 25. Qd3 Rd8 26. Rge3 d4 27. Re4
dxc3 28. Qxc3 Qe7 29. Rc4 Rd7 30. f4 b5 31. Rc8 Rd8 32. Rc6 a6 33. Kh1 Kh7 34.
Rc7 Rd7 35. Rc1 Kg7 36. a3 Qd8 37. Rc8 Qh4 38. Qf3 Rd4 39. Rf1 Rd2 40. Qa8 1-0

[Event "Ct. Catalunya eq DH"]
[Site "?"]
[Date "2013.04.13"]
[Round "11.8"]
[White "Martinez Ramirez, E."]
[Black "Rodriguez Vargas, O."]
[Result "1/2-1/2"]
[WhiteElo "2373"]
[BlackElo "2408"]
[PlyCount "76"]
[EventDate "2013.??.??"]
[EventType "tourn"]
[EventRounds "11"]

1. e4 e5 2. Nf3 Nc6 3. d4 exd4 4. Nxd4 Bc5 5. Nxc6 Qf6 6. Qf3 Qxf3 7. gxf3 bxc6
8. Be3 Bxe3 9. fxe3 Ne7 10. Nc3 d6 11. O-O-O Be6 12. Rd4 O-O 13. Ra4 a5 14. Ne2
Rfb8 15. Ra3 d5 16. exd5 cxd5 17. Nd4 c5 18. Nb3 c4 19. Nd4 Nf5 20. Nxf5 Bxf5
21. Bg2 Rb5 22. Rd1 Rab8 23. b3 Rc5 24. Rd2 g5 25. Kd1 Kg7 26. bxc4 dxc4 27.
Rc3 Kf6 28. Rd4 Rb1+ 29. Ke2 Rb2 30. Kd2 Rxa2 31. Rdxc4 Rxc4 32. Rxc4 Be6 33.
Rc6 Ke7 34. Rc5 a4 35. Bf1 Ra1 36. Be2 Rh1 37. Ra5 Rxh2 38. Rxa4 h5 1/2-1/2

[Event "Ct. Catalunya eq DH"]
[Site "?"]
[Date "2013.04.13"]
[Round "11.8"]
[White "Onna Amargant, J."]
[Black "De la Riva Aguado, J."]
[Result "0-1"]
[WhiteElo "1980"]
[BlackElo "2238"]
[PlyCount "70"]
[EventDate "2013.??.??"]
[EventType "tourn"]
[EventRounds "11"]

1. b4 Nf6 2. b5 a6 3. c4 d5 4. cxd5 axb5 5. Qb3 Qxd5 6. Ba3 Qxb3 7. axb3 b4 8.
Bb2 Rxa1 9. Bxa1 Be6 10. Be5 Kd7 11. d3 Bxb3 12. Nf3 Nc6 13. Bb2 e6 14. Nbd2
Ba4 15. g3 h6 16. Bg2 Nd5 17. Ne5+ Nxe5 18. Bxe5 f6 19. Bxd5 exd5 20. Bb2 Bb5
21. O-O c5 22. Ra1 Bd6 23. Ra5 Kc6 24. Nf3 Re8 25. Kf1 Kb6 26. Ra1 c4 27. dxc4
dxc4 28. Bd4+ Bc5 29. e3 Bc6 30. Bxc5+ Kxc5 31. Nd4 b3 32. Ke1 b2 33. Rb1 c3
34. Nb3+ Kb4 35. Nc1 Be4 0-1

[Event "Ct. Catalunya eq DH"]
[Site "?"]
[Date "2013.04.13"]
[Round "11.8"]
[White "Villa Izquierdo, R."]
[Black "Avila Jimenez, X."]
[Result "1/2-1/2"]
[WhiteElo "2234"]
[BlackElo "2336"]
[PlyCount "23"]
[EventDate "2013.??.??"]
[EventType "tourn"]
[EventRounds "11"]

1. d4 d5 2. e3 Nf6 3. Bd3 c5 4. c3 Nc6 5. f4 cxd4 6. exd4 g6 7. Nf3 Bg7 8. Nbd2
Qc7 9. Ne5 O-O 10. O-O Bf5 11. Bxf5 gxf5 12. Rf3 1/2-1/2

[Event "Ct. Catalunya eq DH"]
[Site "?"]
[Date "2013.04.13"]
[Round "11.9"]
[White "Gardela Batlle, J."]
[Black "Gonzalez Hernandez, F."]
[Result "0-1"]
[WhiteElo "2277"]
[BlackElo "2239"]
[PlyCount "136"]
[EventDate "2013.??.??"]
[EventType "tourn"]
[EventRounds "11"]

1. Nf3 d5 2. d4 Nf6 3. c4 e6 4. cxd5 exd5 5. Bg5 Be7 6. Nc3 c6 7. Qc2 g6 8. e3
Bf5 9. Bd3 Bxd3 10. Qxd3 O-O 11. O-O Re8 12. Bxf6 Bxf6 13. b4 Nd7 14. b5 Nb6
15. Nd2 Rc8 16. bxc6 Rxc6 17. Rfc1 Qd7 18. Nb3 Be7 19. Na5 Rc7 20. Nb5 Rxc1+
21. Rxc1 a6 22. Nc3 Bb4 23. Nb3 Rc8 24. Ne2 Rxc1+ 25. Nbxc1 Qc6 26. Qb3 Bd6 27.
g3 Nc4 28. a4 Nb6 29. Nc3 Nxa4 30. Nxa4 Qxc1+ 31. Kg2 Qc4 32. Qb6 Qxa4 33. Qxd6
Qc6 34. Qb8+ Kg7 35. Qe5+ Kf8 36. g4 b5 37. f4 Qc2+ 38. Kf3 Qd1+ 39. Kf2 Qd2+
40. Kf3 Qd1+ 41. Kf2 Qc2+ 42. Kf3 Qc6 43. h4 f6 44. Qb8+ Kg7 45. h5 Qc2 46.
Qb7+ Kh6 47. Qxd5 Qh2 48. g5+ fxg5 49. fxg5+ Kxh5 50. Qf7 Kxg5 51. Qe7+ Kh6 52.
Qf8+ Kg5 53. Qd8+ Kf5 54. e4+ Ke6 55. Qe8+ Kf6 56. Qf8+ Ke6 57. d5+ Kd7 58.
Qg7+ Kd8 59. Qf6+ Kd7 60. Qc6+ Kd8 61. d6 Qh3+ 62. Kf4 Qc8 63. Qd5 Qc1+ 64. Kg4
Qg1+ 65. Kh4 Qh2+ 66. Kg4 Qh5+ 67. Qxh5 gxh5+ 68. Kxh5 b4 0-1

[Event "Ct. Catalunya eq DH"]
[Site "?"]
[Date "2013.04.13"]
[Round "11.9"]
[White "Lopez Agustench, E."]
[Black "Rafiee, M."]
[Result "1/2-1/2"]
[WhiteElo "2343"]
[BlackElo "2148"]
[PlyCount "68"]
[EventDate "2013.??.??"]
[EventType "tourn"]
[EventRounds "11"]

1. e4 c5 2. Nc3 Nc6 3. f4 g6 4. Nf3 Bg7 5. Bb5 Nd4 6. Bd3 d6 7. Nxd4 cxd4 8.
Ne2 e5 9. O-O Nf6 10. Bb5+ Bd7 11. Bxd7+ Nxd7 12. d3 O-O 13. f5 Rc8 14. c4 dxc3
15. Nxc3 Qb6+ 16. Kh1 Nf6 17. Qe2 d5 18. exd5 Qd6 19. Ne4 Qxd5 20. Bg5 Nxe4 21.
dxe4 Qc4 22. Qe3 f6 23. Bh4 g5 24. Bf2 Rfd8 25. Rfc1 Qb5 26. Rxc8 Rxc8 27. Rc1
Rxc1+ 28. Qxc1 Qe2 29. Qc8+ Bf8 30. Bg1 Qxe4 31. Qe6+ Kg7 32. Qd7+ Kg8 33. Qe6+
Kg7 34. Qd7+ Kg8 1/2-1/2

[Event "Ct. Catalunya eq DH"]
[Site "?"]
[Date "2013.04.13"]
[Round "11.9"]
[White "Martin Gonzalez, A."]
[Black "Espinoza Palomino, W."]
[Result "1/2-1/2"]
[WhiteElo "2440"]
[BlackElo "2290"]
[PlyCount "71"]
[EventDate "2013.??.??"]
[EventType "tourn"]
[EventRounds "11"]

1. e4 e5 2. Nf3 Nc6 3. Bb5 a6 4. Ba4 Nf6 5. O-O Be7 6. Re1 b5 7. Bb3 d6 8. c3
O-O 9. h3 Na5 10. Bc2 c5 11. d4 Qc7 12. Nbd2 cxd4 13. cxd4 Nc6 14. Nb3 a5 15.
Be3 a4 16. Nbd2 Bd7 17. Rc1 Rfc8 18. a3 Qb7 19. Qe2 Bd8 20. Bd3 Rab8 21. Rc2
Bb6 22. dxe5 Nxe5 23. Nxe5 dxe5 24. Rec1 Rxc2 25. Rxc2 Bxe3 26. Qxe3 Rd8 27.
Nf3 Bc6 28. Nxe5 Bxe4 29. Bxe4 Qxe4 30. Qxe4 Nxe4 31. f3 Rd1+ 32. Kh2 Nd6 33.
Nc6 Kf8 34. Na7 Rd5 35. Kg3 Ke8 36. Kh2 1/2-1/2

[Event "Ct. Catalunya eq DH"]
[Site "?"]
[Date "2013.04.13"]
[Round "11.9"]
[White "Pinsach Gelabert, A."]
[Black "Castellet Giralt, G."]
[Result "1/2-1/2"]
[WhiteElo "2178"]
[BlackElo "2285"]
[PlyCount "54"]
[EventDate "2013.??.??"]
[EventType "tourn"]
[EventRounds "11"]

1. e4 e6 2. d4 d5 3. Nd2 Nf6 4. e5 Nfd7 5. Bd3 c5 6. c3 b6 7. f4 Ba6 8. Ndf3
Bxd3 9. Qxd3 Qc8 10. Ne2 Qa6 11. Qxa6 Nxa6 12. a3 c4 13. O-O Nc7 14. g4 h5 15.
gxh5 Rxh5 16. Ng3 Rh8 17. f5 exf5 18. Nxf5 g6 19. Ne3 Bh6 20. Ng4 Bxc1 21.
Raxc1 Rh5 22. Rc2 Ke7 23. Rcf2 Rf8 24. Nf6 Nxf6 25. exf6+ Kd6 26. Re1 Ne6 27.
Re5 Nf4 1/2-1/2

[Event "Ct. Catalunya eq DH"]
[Site "?"]
[Date "2013.04.13"]
[Round "11.9"]
[White "Roca Diaz, MA."]
[Black "Jareño Badenas, A."]
[Result "1/2-1/2"]
[WhiteElo "2148"]
[BlackElo "2200"]
[PlyCount "101"]
[EventDate "2013.??.??"]
[EventType "tourn"]
[EventRounds "11"]

1. d4 Nf6 2. c4 g6 3. Nc3 Bg7 4. e4 d6 5. Nf3 O-O 6. h3 Na6 7. Bg5 c6 8. Bd3
Qc7 9. Rc1 e5 10. d5 Nc5 11. Bb1 a5 12. g4 Bd7 13. Qd2 b5 14. dxc6 Bxc6 15.
Bxf6 Bxf6 16. cxb5 Bb7 17. O-O Qe7 18. Nd5 Bxd5 19. Qxd5 Bg5 20. Rcd1 Rad8 21.
b6 Qf6 22. Nxg5 Qxg5 23. Qd2 Qh4 24. Qe3 Ne6 25. Rd3 Nf4 26. Rb3 h5 27. Qf3 Kg7
28. Kh2 hxg4 29. Qg3 Qxh3+ 30. Qxh3 gxh3 31. b7 Rb8 32. Rc1 Rfd8 33. Rb5 Rd7
34. b3 a4 35. Bc2 Rdxb7 36. Rxb7 Rxb7 37. Rd1 Rc7 38. Rd2 axb3 39. Bxb3 Rc6 40.
a4 Kf6 41. Ra2 Ra6 42. a5 Ne6 43. Bc4 Ra7 44. a6 Nc5 45. f3 Ke7 46. Kxh3 f5 47.
exf5 gxf5 48. Rg2 Kf6 49. Ra2 Ke7 50. Rg2 Kf6 51. Ra2 1/2-1/2

[Event "Ct. Catalunya eq DH"]
[Site "?"]
[Date "2013.04.13"]
[Round "11.9"]
[White "Yepes Martinez, E."]
[Black "Pericas Rechi, M."]
[Result "1-0"]
[WhiteElo "2231"]
[BlackElo "1753"]
[PlyCount "83"]
[EventDate "2013.??.??"]
[EventType "tourn"]
[EventRounds "11"]

1. d4 g6 2. e4 Nf6 3. e5 Nd5 4. c4 Nb6 5. c5 Nd5 6. Bc4 e6 7. Nd2 d6 8. Ne4 f5
9. Bg5 Be7 10. Bxe7 Qxe7 11. cxd6 Qh4 12. Bxd5 fxe4 13. g3 Qd8 14. Bxe4 cxd6
15. f4 d5 16. Bd3 Nc6 17. Nf3 Qb6 18. O-O Nxd4 19. Bxg6+ hxg6 20. Qxd4 Qc7 21.
Rac1 Qh7 22. Rf2 Bd7 23. Qb4 Bc6 24. Nd4 Qd7 25. Rfc2 Rc8 26. Nb5 Kd8 27. Nxa7
Rc7 28. Qb6 Qh7 29. Nb5 Bxb5 30. Qxc7+ Qxc7 31. Rxc7 Bc6 32. Rg7 Rh6 33. h4 Ke8
34. Kf2 Kf8 35. Rc7 Rh5 36. Ke3 Rf5 37. Kd4 Rf7 38. Rxf7+ Kxf7 39. a4 Ke7 40.
b4 Kd8 41. Rxc6 bxc6 42. g4 1-0

[Event "Ct. Catalunya eq DH"]
[Site "?"]
[Date "2013.04.13"]
[Round "11.10"]
[White "Diaz Lopez, P."]
[Black "Meza Martinez, A."]
[Result "0-1"]
[WhiteElo "2080"]
[BlackElo "2230"]
[PlyCount "107"]
[EventDate "2013.??.??"]
[EventType "tourn"]
[EventRounds "11"]

1. g3 e6 2. c4 f5 3. Bg2 Nf6 4. Nc3 d5 5. cxd5 exd5 6. Nf3 c6 7. O-O Bd6 8. d3
O-O 9. Rb1 Qe7 10. a3 a5 11. Qa4 Nbd7 12. Bf4 Nc5 13. Bxd6 Qxd6 14. Qc2 Ne6 15.
Na4 Ra6 16. Rbc1 f4 17. Nc5 Ra8 18. Nxe6 Bxe6 19. Qc5 Qxc5 20. Rxc5 Nd7 21. Rc2
a4 22. Re1 Bg4 23. h3 Bxf3 24. Bxf3 Ne5 25. Bg2 Rae8 26. Rb1 f3 27. Bxf3 Nxf3+
28. exf3 Rxf3 29. Rd2 g5 30. b3 axb3 31. Rxb3 Re7 32. Kg2 Rff7 33. Rdb2 Kg7 34.
a4 Kf6 35. a5 Ke5 36. Rb4 h5 37. f3 Kd6 38. Kf2 Kc5 39. R2b3 d4 40. Rc4+ Kd5
41. Rbb4 c5 42. Rb5 Rc7 43. Rb6 Rc6 44. Rb5 Re7 45. Rc2 Re3 46. Rd2 Rf6 47. f4
gxf4 48. gxf4 Rxf4+ 49. Kg2 Rff3 50. Rxb7 Rxd3 51. Rxd3 Rxd3 52. a6 Ra3 53. a7
Kc6 54. h4 0-1

[Event "Ct. Catalunya eq DH"]
[Site "?"]
[Date "2013.04.13"]
[Round "11.10"]
[White "Gomez Jurado, LA."]
[Black "Arias Boo, G."]
[Result "1/2-1/2"]
[WhiteElo "2322"]
[BlackElo "2389"]
[PlyCount "62"]
[EventDate "2013.??.??"]
[EventType "tourn"]
[EventRounds "11"]

1. c4 f5 2. Nf3 Nf6 3. Nc3 e6 4. g3 d5 5. cxd5 exd5 6. Bg2 c6 7. O-O Bd6 8. d3
O-O 9. e4 fxe4 10. dxe4 Bg4 11. exd5 Kh8 12. Bg5 Be7 13. Qb3 Bxf3 14. Bxf3 Nxd5
15. Bxe7 Nxe7 16. Qxb7 Rxf3 17. Rad1 Qb6 18. Qxe7 Na6 19. Rd7 Rg8 20. Ne4 h6
21. Rxa7 Nb4 22. Nd6 Qd4 23. Nf7+ Kh7 24. Rd7 Nd5 25. Qe5 Qg4 26. Rb7 Rf5 27.
Qe6 Nf4 28. Qxc6 Ne2+ 29. Kg2 Nf4+ 30. Kg1 Ne2+ 31. Kh1 Qh3 1/2-1/2

[Event "Ct. Catalunya eq DH"]
[Site "?"]
[Date "2013.04.13"]
[Round "11.10"]
[White "Gorgues Valle, JM."]
[Black "Lopez Santana, O."]
[Result "0-1"]
[WhiteElo "1786"]
[BlackElo "2176"]
[PlyCount "112"]
[EventDate "2013.??.??"]
[EventType "tourn"]
[EventRounds "11"]

1. e4 e6 2. Nf3 d5 3. Nc3 Nf6 4. e5 Nfd7 5. d4 c5 6. dxc5 Nc6 7. Bf4 Bxc5 8.
Bd3 f6 9. exf6 Qxf6 10. Bg5 Qf7 11. Bh4 h6 12. Qe2 O-O 13. Bg3 a6 14. O-O Nd4
15. Nxd4 Bxd4 16. Rae1 Nf6 17. Be5 Bxe5 18. Qxe5 Bd7 19. h3 Rae8 20. Re3 Bc6
21. Ne2 Nd7 22. Qg3 Qf6 23. c3 e5 24. Qg6 Re6 25. Qh7+ Kf7 26. Rf3 e4 27. Rxf6+
Rxf6 28. f4 Re8 29. Nd4 Nf8 30. Qh8 Ng6 31. Qxe8+ Bxe8 32. f5 Ne5 33. Be2 Bd7
34. b3 Nc6 35. g4 Nxd4 36. cxd4 Rc6 37. Rf2 Rc3 38. Bf1 Kf6 39. Rd2 Bb5 40.
Bxb5 axb5 41. Kg2 b4 42. h4 h5 43. g5+ Kxf5 44. Rf2+ Kg4 45. Rf7 Rc2+ 46. Kf1
e3 47. Rxg7 Kf3 48. Rf7+ Ke4 49. g6 Rc6 50. g7 Rg6 51. Rxb7 Kxd4 52. Rxb4+ Kc3
53. Rb7 d4 54. Re7 Kd2 55. a4 d3 56. a5 e2+ 0-1

[Event "Ct. Catalunya eq DH"]
[Site "?"]
[Date "2013.04.13"]
[Round "11.10"]
[White "Muriel Rojas, F."]
[Black "Degerhammar, T."]
[Result "1-0"]
[WhiteElo "2130"]
[BlackElo "2165"]
[PlyCount "59"]
[EventDate "2013.??.??"]
[EventType "tourn"]
[EventRounds "11"]

1. Nf3 c5 2. b3 Nc6 3. Bb2 d5 4. e3 Bg4 5. Bb5 a6 6. Bxc6+ bxc6 7. d3 f6 8.
Nbd2 e5 9. Qe2 Ne7 10. h3 Be6 11. Nh2 Ng6 12. O-O-O Bd6 13. Rdf1 Qd7 14. g4 Rb8
15. Nhf3 h6 16. Ne1 Rf8 17. Ng2 f5 18. gxf5 Rxf5 19. f4 Ke7 20. fxe5 Bxe5 21.
Bxe5 Rxe5 22. Nf3 Rf5 23. Nfh4 Rg5 24. Nxg6+ Rxg6 25. Nf4 Rf6 26. Qh5 Bf5 27.
e4 dxe4 28. dxe4 g6 29. Qxh6 Bxe4 30. Qg7+ 1-0

[Event "Ct. Catalunya eq DH"]
[Site "?"]
[Date "2013.04.13"]
[Round "11.10"]
[White "Valencia Jimenez, J."]
[Black "Parals Marce, L."]
[Result "1-0"]
[WhiteElo "2137"]
[BlackElo "2126"]
[PlyCount "67"]
[EventDate "2013.??.??"]
[EventType "tourn"]
[EventRounds "11"]

1. d4 Nf6 2. c4 e6 3. Nf3 b6 4. g3 Bb7 5. Bg2 Be7 6. O-O O-O 7. Nc3 Ne4 8. Qc2
Nxc3 9. Qxc3 f5 10. Rd1 Bf6 11. b4 Qe7 12. Bb2 d6 13. Qb3 Nd7 14. Rac1 Kh8 15.
d5 Bxb2 16. Qxb2 e5 17. e4 f4 18. c5 bxc5 19. bxc5 Rab8 20. c6 Bxc6 21. Qa3 Bb5
22. Rxc7 fxg3 23. hxg3 Be2 24. Rdc1 Bxf3 25. Bxf3 Qd8 26. Qxd6 Rxf3 27. Qxd7
Qxd7 28. Rxd7 h5 29. Kg2 Ra3 30. Rcc7 Rxa2 31. Rxg7 Rbb2 32. Rgf7 Kg8 33. Rxa7
Rxa7 34. Rxa7 1-0

[Event "Ct. Catalunya femeni"]
[Site "?"]
[Date "2013.03.29"]
[Round "1"]
[White "Martin Dinares, L."]
[Black "Marin Benito, C."]
[Result "0-1"]
[WhiteElo "1565"]
[BlackElo "1895"]
[PlyCount "62"]
[EventDate "2013.??.??"]
[EventType "swiss"]
[EventRounds "5"]

1. e4 e5 2. Nc3 Nf6 3. g3 d5 4. Bg2 Be6 5. d3 Bb4 6. Bd2 O-O 7. Nf3 Nc6 8. O-O
dxe4 9. dxe4 Bg4 10. a3 Bxc3 11. Bxc3 Qxd1 12. Raxd1 Nxe4 13. Rd3 Nxc3 14. Rxc3
Rac8 15. h3 Bf5 16. Re1 f6 17. Nd2 Nd8 18. Ne4 Ne6 19. Rd1 Rfd8 20. Rcd3 Rxd3
21. Rxd3 Rd8 22. Rxd8+ Nxd8 23. c3 Kf7 24. g4 Bxe4 25. Bxe4 h6 26. h4 b6 27. b4
Ke6 28. c4 Kd6 29. Kg2 Nc6 30. Bxc6 Kxc6 31. Kf3 b5 0-1

[Event "Ct. Catalunya femeni"]
[Site "?"]
[Date "2013.03.29"]
[Round "1"]
[White "Martin Dinares, S."]
[Black "Riera Morilla, E."]
[Result "1/2-1/2"]
[WhiteElo "1640"]
[BlackElo "1976"]
[PlyCount "101"]
[EventDate "2013.??.??"]
[EventType "swiss"]
[EventRounds "5"]

1. c4 e5 2. Nc3 Nc6 3. g3 g6 4. Bg2 Bg7 5. e3 f5 6. Nge2 Nf6 7. f4 e4 8. d3
exd3 9. Qxd3 O-O 10. O-O d6 11. a3 a5 12. Bd2 Nd7 13. Na4 Re8 14. Bd5+ Kh8 15.
Bc3 Nf6 16. Nd4 Nxd5 17. Nxc6 bxc6 18. Bxg7+ Kxg7 19. cxd5 c5 20. Rfe1 Qf6 21.
Nc3 Ba6 22. Qd2 Bb7 23. Rab1 Qf7 24. b4 cxb4 25. axb4 a4 26. Nb5 Re7 27. Rbc1
Bxd5 28. Nxc7 Rxc7 29. Rxc7 Qxc7 30. Qxd5 Qc3 31. Kf2 Rb8 32. Qxd6 Qxb4 33.
Qxb4 Rxb4 34. Ra1 Kf7 35. Kf3 Ke6 36. g4 Kd5 37. gxf5 gxf5 38. Kg3 Ke4 39. Ra3
Rb3 40. Rxa4+ Kxe3 41. Kh4 h6 42. Rc4 Rd3 43. Kh5 Rd6 44. Ra4 Kf3 45. Rb4 Kg2
46. Rb5 Rf6 47. Rb2+ Kf3 48. Rb4 Re6 49. h4 Ke3 50. Rb5 Kxf4 51. Rxf5+ 1/2-1/2

[Event "Ct. Catalunya femeni"]
[Site "?"]
[Date "2013.03.29"]
[Round "1"]
[White "Martinez Arranz, L."]
[Black "Cabanillas Roca, F."]
[Result "0-1"]
[WhiteElo "1373"]
[BlackElo "1798"]
[PlyCount "102"]
[EventDate "2013.??.??"]
[EventType "swiss"]
[EventRounds "5"]

1. e4 e5 2. Nf3 Nf6 3. Nc3 Bb4 4. d3 d5 5. exd5 Qxd5 6. Bd2 Bxc3 7. Bxc3 Nc6 8.
Be2 O-O 9. O-O Re8 10. Re1 Nd4 11. Nxd4 exd4 12. Bd2 Bf5 13. Bf3 Qb5 14. b3
Rxe1+ 15. Bxe1 c5 16. Qd2 Re8 17. Qa5 Qxa5 18. Bxa5 b6 19. Bd2 Bg4 20. Bxg4
Nxg4 21. Re1 Rxe1+ 22. Bxe1 Kf8 23. h3 Nf6 24. Kh2 Ke7 25. Kg3 Nd5 26. Kf3 Ke6
27. Ke4 f5+ 28. Kf3 g5 29. Bd2 h6 30. g4 f4 31. Ke4 Nf6+ 32. Kf3 Kd5 33. Be1
Nd7 34. Bd2 b5 35. a3 Ne5+ 36. Ke2 f3+ 37. Ke1 c4 38. dxc4+ bxc4 39. b4 c3 40.
Bc1 d3 41. cxd3 Nxd3+ 42. Kd1 Nxf2+ 43. Kc2 Nxh3 44. Be3 f2 45. Bxf2 Nxf2 46.
Kxc3 Nxg4 47. Kd3 h5 48. Ke2 Kc4 49. Kf3 Kb3 50. Kg3 Kxa3 51. Kh3 Kxb4 0-1

[Event "Ct. Catalunya femeni"]
[Site "?"]
[Date "2013.03.29"]
[Round "1"]
[White "Montoliu Daroca, I."]
[Black "Las Heras Aixandri, S."]
[Result "1-0"]
[WhiteElo "1799"]
[BlackElo "1559"]
[PlyCount "99"]
[EventDate "2013.??.??"]
[EventType "swiss"]
[EventRounds "5"]

1. c4 e5 2. Nc3 Nf6 3. g3 Bc5 4. e3 d6 5. Bg2 Nc6 6. Nge2 Nb4 7. d4 exd4 8.
exd4 Bb6 9. Qa4+ Nc6 10. d5 Ng4 11. O-O Qf6 12. Ne4 Qg6 13. dxc6 O-O 14. h3 Ne5
15. Nf4 Qh6 16. Nd5 Qe6 17. Ng5 Qe8 18. Qc2 Ng6 19. Nxb6 axb6 20. cxb7 Rb8 21.
bxc8=Q Rxc8 22. b3 Qe5 23. Qb2 Qe7 24. Nf3 c5 25. Be3 Qd7 26. Rad1 Rfe8 27. h4
Ne7 28. Qd2 Nf5 29. Bf4 Rcd8 30. Bh3 Nxh4 31. Nxh4 Qxh3 32. Rfe1 Qd7 33. Rxe8+
Rxe8 34. Qxd6 Qa7 35. Qd2 Qe7 36. Nf3 Qe4 37. Qd3 Qc6 38. Qd5 Qf6 39. Qd7 Rf8
40. Re1 h6 41. Kg2 Rd8 42. Re8+ Rxe8 43. Qxe8+ Kh7 44. Qe5 Qg6 45. Nh4 Qc6+ 46.
Qd5 Qf6 47. Qf5+ Qxf5 48. Nxf5 Kg6 49. Nd6 Kf6 50. Nc8 1-0

[Event "Ct. Catalunya femeni"]
[Site "?"]
[Date "2013.03.29"]
[Round "1"]
[White "Muratet Carmona, J."]
[Black "Ruiz Font, E."]
[Result "0-1"]
[WhiteElo "1737"]
[BlackElo "2062"]
[PlyCount "72"]
[EventDate "2013.??.??"]
[EventType "swiss"]
[EventRounds "5"]

1. e4 c5 2. Nf3 g6 3. d4 cxd4 4. Nxd4 Nc6 5. c4 Nf6 6. Nc3 d6 7. Be2 Nxd4 8.
Qxd4 Bg7 9. b3 O-O 10. Bb2 Qa5 11. O-O Be6 12. Rab1 Nd5 13. Qd2 Bxc3 14. Bxc3
Qxc3 15. Qg5 Qf6 16. Qh6 Nc3 17. Rbe1 Nxe4 18. Qe3 Nc5 19. Bf3 a5 20. Rc1 Rab8
21. Rfd1 b5 22. cxb5 Rxb5 23. Rd4 Rb4 24. Rd2 Qf4 25. Qe2 Rfb8 26. g3 Qh6 27.
h4 a4 28. bxa4 Rxa4 29. Rdc2 Rxa2 30. Re1 Rxc2 31. Qxc2 Qg7 32. Qd2 Rb2 33. Qa5
Qf6 34. Qa8+ Kg7 35. Rf1 Qd4 36. Qa7 Bc4 0-1

[Event "Ct. Catalunya femeni"]
[Site "?"]
[Date "2013.03.29"]
[Round "1"]
[White "Peñas Hernandez, Y."]
[Black "Muratet Carmona, A."]
[Result "0-1"]
[WhiteElo "2009"]
[BlackElo "1708"]
[PlyCount "82"]
[EventDate "2013.??.??"]
[EventType "swiss"]
[EventRounds "5"]

1. e4 c5 2. Nf3 e6 3. d4 cxd4 4. Nxd4 Nc6 5. Nc3 a6 6. Be2 Qc7 7. O-O Nf6 8.
Be3 b5 9. Nxc6 dxc6 10. Bf3 Bb7 11. g3 Rd8 12. Qe2 Be7 13. Rad1 O-O 14. Bg2 c5
15. Bf4 Qc6 16. f3 b4 17. Nb1 a5 18. Rxd8 Rxd8 19. Rd1 c4 20. Be3 Ba6 21. Bf1
Rxd1 22. Qxd1 h6 23. Qd2 Bb7 24. Qd4 Nxe4 25. Qxe4 Qxe4 26. fxe4 Bxe4 27. Bxc4
Bxc2 28. Nd2 Bf6 29. b3 Bc3 30. Kf2 g5 31. Ke2 Kg7 32. Bb5 e5 33. Bb6 f5 34.
Bxa5 e4 35. Bc6 Kf6 36. a3 Bd3+ 37. Ke3 f4+ 38. gxf4 gxf4+ 39. Kxf4 Be5+ 40.
Ke3 bxa3 41. b4 a2 0-1

[Event "Ct. Catalunya femeni"]
[Site "?"]
[Date "2013.03.29"]
[Round "1"]
[White "Terrones Launes, M."]
[Black "Arno Bendicho, X."]
[Result "1-0"]
[WhiteElo "1975"]
[BlackElo "1609"]
[PlyCount "73"]
[EventDate "2013.??.??"]
[EventType "swiss"]
[EventRounds "5"]

1. e4 c5 2. Nf3 Nc6 3. d4 cxd4 4. Nxd4 g6 5. c4 Bg7 6. Be3 Nf6 7. Nc3 d6 8. Be2
O-O 9. O-O Bd7 10. f3 a6 11. Qd2 Nxd4 12. Bxd4 Rc8 13. Rac1 Bc6 14. Nd5 Nd7 15.
Bxg7 Kxg7 16. Qd4+ Kg8 17. Kh1 Bxd5 18. cxd5 Qb6 19. Qd2 Kg7 20. b3 h6 21. f4
Kh7 22. Bg4 Rxc1 23. Rxc1 Nf6 24. Bf3 Nd7 25. Re1 Qc7 26. Rc1 Qb6 27. g3 a5 28.
Rc4 Nc5 29. e5 Qc7 30. f5 g5 31. f6 exf6 32. exd6 Qxd6 33. Qc2+ Kg7 34. Rxc5 b6
35. Rc6 Qd8 36. Qf5 Re8 37. Be4 1-0